Sports Quiz

Random Sports or Celebrity Quiz

► Athletes Hall of Fame: 'P' Quiz Stats

 Plays Quiz not verified by Sporcle

Score 0/20 Timer 05:00
1 Play Today
% Correct
Michael Phelps - Swimmer
94.9%
Pelé - Soccer player
94.8%
Arnold Palmer - Golfer
92.2%
Anja Parson - Skier
86.6%
Michel Platini - Soccer player
86.1%
Gary Payton - Basketball player
82.2%
Alan Page - Football player
81.8%
Robert Parish - Basketball player
81.3%
Richard Petty - Driver (NASCAR)
75.9%
Alex Pietrangelo - Ice hockey player
75.4%
% Correct
Alain Prost - Driver (F1)
68%
Nelson Piquet - Driver (F1)
67.5%
Dražen Petrović - Basketball player
65.3%
Travis Pastrana - Stunt performer
64.6%
Walter Payton - Football player
64.6%
David Pearson - Driver (NASCAR)
63%
Alexander Polli - BASE jumper
61.2%
Aleksandr Popov - Swimmer
54%
Dean Potter - Free climber
41.7%
Shaun Palmer - Snowboarder
33.4%

You're not logged in!

Compare scores with friends on all Sporcle quizzes.
OR
Log In

Show Comments

Extras

Top Quizzes Today


Score Distribution

Your Account Isn't Verified!

In order to create a playlist on Sporcle, you need to verify the email address you used during registration. Go to your Sporcle Settings to finish the process.

Report this User

Report this user for behavior that violates our Community Guidelines.

Details: